• 首页
  • 本馆介绍
  • 公告通知
  • 最新文献
  • 馆藏检索
  • 电子资源
  • 读者导购
  • 参考咨询
  • 我的图书馆
  • 登录
  • 详细信息显示
  • 放入我的书架
  • 预约/预借图书
  • 作者相关作品
  • 分类相关作品
  • 丛书相关作品
  • 出版社相关作品

书目信息

  • 表格格式
  • 工作单格式
  • 卡片格式
题名:
欧氏空间上的FOURIER分析引论
    
 
作者: Stein 著 ;张春阳 译
分册:  
出版信息: 上海   上海科学技术出版社  1987
页数: 319页
开本: 21cm
丛书名:
单 册:
中图分类: O174.2
科图分类:
主题词: 数学分析
电子资源:
ISBN:
000 00651nam0 2200217 45
001 0405210952
005 20040914160227.0
010    @dCNY2.30
091    @a13119.1409
100    @a20040521d1987 km y0chiy0120 ea
101 0  @achi
105    @a z 000yy
200 1  @a欧氏空间上的FOURIER分析引论@AOu Shi Kong Jian Shang De FOURIER Fen Xi Yin Lun@fElias M.Stein等著@FElias M.Stein Deng Zhu@g张春阳译
210    @a上海@c上海科学技术出版社@d1987
215    @a319页@d21cm
606 0  @a数学分析
690    @aO174.2@v3
701  0 @aStein@4著
702  0 @a张春阳@AZhang Chun Yang@4译
801    @aCN@bPftUser@c20040521
905    @dO174.2@e83@f1@b211308
    
    欧氏空间上的FOURIER分析引论/Elias M.Stein等著/张春阳译.-上海:上海科学技术出版社,1987
    319页;21cm
    
    
    ISBN :CNY2.30
    
●
相关链接 在E读中查询图书 在五车中查询图书 在当当中查询图书 在豆瓣中查询图书


正题名:欧氏空间上的FOURIER分析引论     索取号:O174.2/83         预约/预借

序号 登录号 条形码 馆藏地/架位号 状态 备注
1 0211307   000423303   第三借阅区/ [索取号:O174.2/83] 在馆    
2 0211308   001702054   第三借阅区/ [索取号:O174.2/83] 在馆    
3 0211309   000423296   第二样本阅览室/ [索取号:O174.2/83] 在馆    
唐山师范学院图书馆 欢迎您!
大连网信软件有限公司© 版权所有